Santo António de Lisboa (Registo nº 2377)

Detalhes MARC
000 -Etiqueta do registo
Cabeçalho 00720nam a22002651 4500
005 - Identificador da versão
Campo de controlo 20240813121932.0
095 ## -
-- PTBN01025598
100 ## - Dados gerais de processamento
Dados gerais de processamento 19981202d1971 a y0pory5003 ba
102 ## - Pais de publicação ou produção
País de publicação Portugal
101 0# - Língua de publicação
Língua do texto, banda sonora, etc. Português
106 ## - Campo de dados codificados: material textual
Dados codificados do material textual r
105 ## - Campo de dados codificados: livros
Dados codificados dos livros a z 000yy
215 ## - Descrição física 
Indicação específica da natureza do documento e extensão da espécie 27 p.
Outras indicações físicas il.
Dimensões 19 x 21 cm
200 1# - Titulo e menção de responsabilidade
Título próprio Santo António de Lisboa
Primeira menção de responsabilidade texto de João Maia
Outras menções de responsabilidade il. Émile Probst
225 2# - Colecção 
Título próprio da colecção Verbo ABC.
Nome de uma parte ou secção Série vidas de santos
Indicação de volume 3
210 ## - Publicação, Distribuição, etc. 
Lugar da edição, distribuição, etc. Lisboa
Nome do editor, distribuidor, etc. Verbo
Data da publicação, distribuição, etc. [D.L. 1971]
606 ## - Nome comum usado como assunto
Número de registo de entrada de autoridade 0000564
Palavra de ordem Biografias
675 ## - Classificação Decimal Universal (CDU)
Notação 92
Edição
Língua da edição por
702 #1 - Nome de autor-pessoa física (responsabilidade secundária)
Número de registo de entrada de autoridade 0001193
Palavra de ordem Probst
Outra parte do nome não tomada para palavra de ordem Emile
Código de função Ilustrador / Técnico de desenho computorizado
700 #1 - Nome de autor-pessoa física (responsabilidade principal)
Número de registo de entrada de autoridade 0001192
Palavra de ordem Maia
Outra parte do nome não tomada para palavra de ordem João
942 ## - Elementos de entrada adicionados (Koha)
Tipo de item no Koha Livro
Exemplares
Situação do levantamento Origin of item (home branch) (coded) Biblioteca de empréstimo Código de barras Cota Circulation type (not for loan) Tipo de documento Nota do exemplar Damaged status
  Biblioteca Escolar da Coca Maravilhas Biblioteca Escolar da Coca Maravilhas BECM2014/93 9BIO SAN   Livro Sem mensagem